000 00213nam a2200097Ia 4500
008 220204s9999 xx 000 0 und d
082 _a82-3
_bKAM
100 _aKamala Das
245 0 _aAlphabet of lust
942 _cBK
999 _c28929
_d28929